Chaturvedi & pithisaria income tax rules with allied rules and relevant schemes / / (Record no. 140230)

MARC details
000 -LEADER
fixed length control field 00693nam a22001697a 4500
005 - DATE AND TIME OF LATEST TRANSACTION
control field 20170522144508.0
010 ## - LCCN (DPL NO)
LC control number ENG-118314
020 ## - INTERNATIONAL STANDARD BOOK NUMBER
International Standard Book Number 9788131250884
Terms of availability 1150.00
035 ## - SYSTEM CONTROL NUMBER
System control number EN-101846
037 ## - SOURCE OF ACQUISITION
Source of stock number/acquisition DBAD/PUB
082 ## - DEWEY DECIMAL CLASSIFICATION NUMBER
Classification number 336.24
245 ## - TITLE STATEMENT
Title Chaturvedi & pithisaria income tax rules with allied rules and relevant schemes / /
Statement of responsibility, etc by Mukesh Pithisaria
260 ## - PUBLICATION, DISTRIBUTION, ETC. (IMPRINT)
Place of publication, distribution, etc Haryana
Name of publisher, distributor, etc LexisNexis
Date of publication, distribution, etc 2017
270 ## - ADDRESS
Address 14th Floor, Building No 10, Tower-B, DLF Cyber City, Phase-II, Gurgaon-122002, Haryana, India
300 ## - PHYSICAL DESCRIPTION
Extent clxxxii, 1688p
Dimensions 24cm.(pbk)
942 ## - ADDED ENTRY ELEMENTS (KOHA)
Source of classification or shelving scheme Dewey Decimal Classification
Item type English Books
Classification part 336.24
Call number suffix CHA
Holdings
Withdrawn status Lost status Not for loan Collection code Home library Current library Date acquired Source of acquisition Cost, normal purchase price Full call number Barcode Copy number Cost, replacement price Koha item type
    Not For Loan Non-fiction D.B.Act.Division D.B.Act.Division 22/05/2017 DBAD/PUB. 1150.00 336.24 CHA EN-101846 1 1150.00 English Books

© Delhi Public Library
Hit Counter
free hit counter